00725nam a22001937a 450000500170000001000150001702000270003203500130005903700130007208200130008524501150009826000350021327000700024830000230031870000180034194200270035999900170038695201280040320150417112129.0 aENG-112533 a9789381904305c1225.00 aEN-96065 bDBAD/PUB a321.809500aAsia annual, 2011 : cedited by Priya Singh...[et al]bdemocracy in Asia : discourses and counter-discourses / aNew DelhibKW Publishersc2013 a4676/21, First Floor, Ansari Road, Daryaganj, bNew Delhie110002 avi,315p.c24cm(Hb) a Singh, Priya 2ddccENmASIh321.8095 c92594d92594 001040718NFICaDBADbDBADd2015-03-30eDBAD/PUBg1225.00l0o321.8095 ASIpEN-96065r2015-03-30 00:00:00t1v1225.00yEN